Introduction to Fire Safety Management

Salvato in:
Dettagli Bibliografici
Autori principali: Furness, Andrew (Autore), Muckett, Martin (Autore)
Natura: Libro
Lingua:inglese
Pubblicazione: Amsterdam : Elsevier, 2011
Soggetti:
Tags: Aggiungi Tag
Nessun Tag, puoi essere il primo ad aggiungerne!!

MARC

LEADER 00000nam a22000003a 4500
001 stu233678
005 20150617230136.7
008 110823s2011----ne------------------eng-d
020 |a 978-0-7506-8068-4 
040 |a STU  |b slo 
041 0 |a eng 
044 |a ne 
100 1 |a Furness, Andrew  |4 aut 
245 1 |a Introduction to Fire Safety Management 
260 |a Amsterdam :  |b Elsevier,  |c 2011 
300 |a 419 s 
650 7 |a požiarna bezpečnosť  |2 stusub 
700 1 |a Muckett, Martin  |4 aut 
996 |b 284M080089  |c M*13034-1  |l MMKN  |s A  |a 24  |w stu233678_0001